Seni mengarang : penulisan rancangan KBSM, popular, ilmiah : panduan untuk pelajar, guru, mahasiswa, wartawan, editor, pekerja

Bibliographic Details
Main Author: Sulaiman Masri
Other Authors: Ahmad Khair Mohd Nor
Format: Book
Published: Selangor : Karisma Publications Sdn. Bhd , 2005
Subjects:

MARC

LEADER 00000cam a2200000 7i4500
001 0000021221
005 20080715.0
008 080715
020 |a 9831950658 
090 0 0 |a 808.049923   |b SUL 
100 0 |a Sulaiman Masri 
245 1 0 |a Seni mengarang :   |b penulisan rancangan KBSM, popular, ilmiah : panduan untuk pelajar, guru, mahasiswa, wartawan, editor, pekerja   |c Sulaiman Masri, Ahmad Khair Mohd Nor 
260 |a Selangor :   |b Karisma Publications Sdn. Bhd ,   |c 2005 
650 0 |a Authorship   |x Techniques 
650 0 |a Creative writing 
650 0 |a Rhetoric 
650 0 |a Writing   |x Techniques 
700 0 |a Ahmad Khair Mohd Nor 
999 |a 0001025267   |b Book   |c Adult Collection   |e Perbadanan Perpustakaan Awam Johor 
999 |a 0001025268   |b Book   |c Adult Collection   |e Perbadanan Perpustakaan Awam Johor 
999 |a 0001025269   |b Book   |c Adult Collection   |e Perbadanan Perpustakaan Awam Johor